000 00928nam a2200265 4500
001 112811
003 ES-MaACL
005 20230906185635.0
007 t|
008 061121s1985 sp r ||||1| spa d
020 _a84-259-0728-4
100 1 _aKedourie, Elie.
_967704
245 1 0 _aNacionalismo /
_cElie Kedourie ; prólogo de Francisco Murillo Ferrol ; [traducción de Juan José Solozaba Echevarría].
260 _aMadrid :
_bCentro de Estudios Constitucionales,
_c1985.
300 _a129 p. ;
_c21 cm.
490 1 _aColección estudios políticos ;
_v20
500 _aIndice.
504 _aBibliografía.
700 1 _aMurillo Ferrol, Francisco.
_984591
700 1 _aSolozabal Echevarría, Juan José.
_9107248
710 2 _aCentro de Estudios Constitucionales (España)
_92618
830 0 _aColección estudios políticos ;
_v20
_9187011
852 _aES-MaACL
_jL-9419
_bR.111170
999 _c112811
_d112811